Central Library OPAC University of Rajshahi

শ্রীকৃষ্ণকীর্ত্তন / (Record no. 41452)

MARC details
000 -LEADER
fixed length control field 01229nam a22002897a 4500
001 - CONTROL NUMBER
control field 41452
003 - CONTROL NUMBER IDENTIFIER
rucl marc code BD-RjUL
005 - DATE AND TIME OF LATEST TRANSACTION
control field 20211209053406.0
008 - FIXED-LENGTH DATA ELEMENTS--GENERAL INFORMATION
fixed length control field 160531s2004 ii ||||| |||| 00| 0 ben d
020 ## - INTERNATIONAL STANDARD BOOK NUMBER
International Standard Book Number 8186946551 (V-1)
Terms of availability : IRs 250.00
International Standard Book Number 818694656X (v-2)
Terms of availability : IRs 250.00
035 ## - SYSTEM CONTROL NUMBER
System control number (BD-RjUL)41570
040 ## - CATALOGING SOURCE
Original cataloging agency BD-RjUL
Language of cataloging ben
Transcribing agency BD-RjUL
041 ## - LANGUAGE CODE
Language code of text/sound track or separate title ben
082 ## - DEWEY DECIMAL CLASSIFICATION NUMBER
Edition number 23
Classification number 294.5
Author mark and year CHS 2004
100 ## - MAIN ENTRY--PERSONAL NAME
Personal name চন্ডীদাস, বড়ু
9 (RLIN) 127415
245 10 - TITLE STATEMENT
Title শ্রীকৃষ্ণকীর্ত্তন /
Statement of responsibility, etc. বড়ু চণ্ডীদাস ; সম্পাদনা নীলরতন সেন
250 ## - EDITION STATEMENT
Edition statement ১ম সং.
260 ## - PUBLICATION, DISTRIBUTION, ETC. (IMPRINT)
Place of publication, distribution, etc. কলিকাতা :
Name of publisher, distributor, etc. সাহিত্য লোক,
Date of publication, distribution, etc. ২০০৪
300 ## - PHYSICAL DESCRIPTION
Pagination খণ্ড ;
Size ২১ সেমি.
500 ## - GENERAL NOTE
General note "মূল পুথির ফটোমুদ্রণ সংস্করণ"
505 0# - FORMATTED CONTENTS NOTE
Formatted contents note খণ্ড ১ -- খণ্ড ২, মূল পাঠের আধুনিক বঙ্গানুবাদ --
650 ## - SUBJECT ADDED ENTRY--TOPICAL TERM
Topical term or geographic name as entry element হিন্দু ধর্ম
9 (RLIN) 128129
Topical term or geographic name as entry element Hinduism
9 (RLIN) 128130
700 ## - ADDED ENTRY--PERSONAL NAME
Personal name সেন, নীলরতন, সম্পাদক
942 ## - ADDED ENTRY ELEMENTS (KOHA)
Source of classification or shelving scheme Dewey Decimal Classification
Koha item type Books
Holdings
Lost status Source of classification or shelving scheme Damaged status Not for loan Collection code Permanent Location Current Location Shelving location Date acquired Source of acquisition Cost, normal purchase price Total Checkouts Full call number Date last seen Date checked out Copy number Koha item type
  Dewey Decimal Classification     Non-fiction Central Library, University of Rajshahi Central Library, University of Rajshahi   16/11/2005 Dhaka, Paragon Enterprises Ltd. 500.00 2 B 294.5 CHS V-1 2004 10/12/2017 28/11/2017 C-2 Books
  Dewey Decimal Classification   Not For Loan Non-fiction Central Library, University of Rajshahi Central Library, University of Rajshahi Reading Room 16/11/2005 Paragon Enterprises Dhaka 500.00   B 294.5 CHS V-1 2004 06/12/2016   C-1 Books
  Dewey Decimal Classification   Not For Loan Non-fiction Central Library, University of Rajshahi Central Library, University of Rajshahi Reading Room 16/11/2005 Paragon Enterprises Dhaka 5.00   B 294.5 CHS V-2 2002 08/12/2016   C-1 Books